| 000 | 00810nam a2200253 a 4500 | ||
|---|---|---|---|
| 001 | 10862 | ||
| 003 | BD-JhCC | ||
| 005 | 20230612130038.0 | ||
| 008 | 190522b20192013bd ||||| a||| 00| 0 b d | ||
| 020 | _a9847009602351 | ||
| 035 | _a(BD-JhCC)10862 | ||
| 040 |
_aBD-JhCC _dBD-JhCC |
||
| 041 | _aban | ||
| 082 |
_bHOS 2019 _a510.76 |
||
| 100 | _aহোসেন, জাকির | ||
| 245 |
_aগণিত অলিম্পিয়াডের প্রস্তুতি / _cজাকির হোসেন |
||
| 260 |
_aঢাকা,বাংলাদেশ: _bতাম্রলিপি, _c2019. |
||
| 300 |
_a543 p. v1 _bIncluded _c22 cm. |
||
| 650 | _aMathematics | ||
| 650 | _aMathematics--Competitions | ||
| 650 | _aInternational Mathematical Olympiad | ||
| 942 |
_2ddc _cBK _02 |
||
| 999 |
_c10862 _d10862 |
||